Smallest countries - Sudden death - Statistics

General Stats
  • This quiz has been taken 102 times
  • The average score is 5 of 20
Answers on the Grid
Answers color-coded by a green-red scale on the quiz's grid according to % correct below.
Andorra
Antigua and Barbuda
Bahamas
Bahrain
Barbados
Brunei
Cabo Verde
Comoros
Cyprus
Dominica
Gambia
Grenada
Jamaica
Kiribati
Lebanon
Liechtenstein
Luxembourg
Maldives
Malta
Marshall islands
Mauritius
Micronesia
Monaco
Montenegro
Nauru
Palau
Qatar
Saint kitts and Nevis
Saint Lucia
Saint vincent and the Grenadines
Samoa
San Marino
Sao tome and Principe
Seychelles
Singapore
Tonga
Trinidad and Tobago
Tuvalu
Vanuatu
Vatican City
 
Answer Stats
Answer % Correct
#17 Andorra
60%
#1 Vatican City
56%
#5 San Marino
42%
#4 Tuvalu
38%
#3 Nauru
36%
#2 Monaco
31%
#14 Antigua and Barbuda
27%
#10 Malta
24%
#6 Liechtenstein
22%
#16 Palau
20%
#9 Maldives
18%
#8 Saint kitts and Nevis
18%
#13 Barbados
16%
#7 Marshall islands
13%
#18 Saint Lucia
13%
#12 Saint vincent and the Grenadines
13%
#15 Seychelles
11%
#20 Singapore
9%
#11 Grenada
7%
#19 Micronesia
4%
No matching quizzes found
Score Distribution
Percent of People with Each Score
Percentile by Number Answered
Your Score History
You have not taken this quiz